00734cam a22002291 4500001001300000003000400013005001700017008004100034010001700075035002000092040001800112042001200130043001200142050001500154100001500169245013300184260006000317300001900377500004800396651004300444999001700487ne 68002351 DLC20260227111843.0741204s1966 tu 000 0 tur  ane 68002351  a(OCoLC)28777357 aDLCcICUdDLC apremarc aa-tu---00aDR590b.U81 aUs, Asım.10aAsım Us'un hatıra notları;b1930 dan 1950 yılına kadar, Atatürk ve İsmet İnönü devirlerine ait seçme fıkralar. aİstanbulb[Vakit Matbaasında basılmiştır]c1966. a767 p.c21 cm. aTitle on spine: 1930-1950 hatıra notları. 0aTurkeyxHistoryy1918-1960vAnecdotes. c50498d50498